Métodos de la nueva educación

Uloženo v:
Podrobná bibliografie
Hlavní autoři: Luzuriaga, Lorenzo (autor), Sáinz, Fernando (Autor), Ballesteros Beretta, Antonio (Autor), Serrano, Leonor (Autor), Sáinz-Amor, Concepción (Autor), Washburne, Carleton W (Autor), Comas, Margarita (Autor)
Médium: Kniha
Jazyk:španělština
Vydáno: Buenos Aires Losada 1961
Edice:Publicaciones de la Revista de Pedagogía
Témata:
Tagy: Přidat tag
Žádné tagy, Buďte první, kdo vytvoří štítek k tomuto záznamu!

MARC

LEADER 00000nam a2200000 a 4500
001 UCZ0720
003 CL-VaPUC
008 950809e19610000AG |||||||||||||||||spa|d
082 0 4 |a 371.3  |b LUZ  |2 21 
100 |a Luzuriaga, Lorenzo  |e autor  |9 599016 
700 0 |a Sáinz, Fernando  |e author  |9 343895 
700 0 |a Ballesteros Beretta, Antonio  |e author  |9 343896 
700 0 |a Serrano, Leonor  |e author  |9 343897 
700 0 |a Sáinz-Amor, Concepción  |e author  |9 343898 
700 0 |a Washburne, Carleton W  |e author  |9 343899 
700 0 |a Comas, Margarita  |e author  |9 343900 
245 1 0 |a Métodos de la nueva educación 
300 |a 376 p 
942 |c BK 
945 |d 19950809 00:00:00  |a cmena 
260 |a Buenos Aires  |b Losada  |c 1961 
650 0 |a Métodos de enseñanza  |9 270413 
650 0 |a Planificación de la educación   |9 307333 
650 0 |a Innovaciones pedagógicas  |9 307471 
650 0 |a Filosofía de la educación   |9 258384 
583 |a last modification  |c 20170926 09:53:37  |k Rodrigo Vera 
490 0 |a Publicaciones de la Revista de Pedagogía 
999 |c 237629  |d 237627 
952 |0 0  |1 0  |4 0  |6 371_300000000000000_LUZ_1961  |7 0  |8 P  |9 247064  |a BIBEDU  |b BIBEDU  |c BIBEDU_PB  |d 2019-11-18  |i 1552473  |o 371.3 LUZ 1961  |p 1552473  |r 2024-01-25  |w 2019-11-18  |y BK  |k EDU